000
00479nam a2200145Ia 4500
008
100122s9999 xx 000 0 und d
082
_b
3581
_a
823.08
100
_a
सरदेसाई लक्ष्मणराव
245
_a
वादळांतील नौका
260
_b
प्रकाशक शोधणे
_c
1924
300
_a
70
630
_a
वादळांतील नौका
730
_a
वादळांतील नौका
942
_c
BOOK
999
_c
397556
_d
397553